[Event "SLO-chT1 West"]
[Site "Sentjur"]
[Date "2009.11.08"]
[Round "9"]
[White "Radosavljevic, Robi"]
[Black "Kranjec, Primoz"]
[Result "1-0"]
[WhiteElo "2129"]
[BlackElo "1933"]
[PlyCount "109"]
[EventDate "2009.10.22"]
[EventType "team-tourn"]
[EventRounds "9"]
[EventCountry "SLO"]
[SourceTitle "EXT 2010"]
[Source "ChessBase"]
[SourceDate "2010.11.25"]
[SourceVersion "1"]
[SourceVersionDate "2010.11.25"]
[SourceQuality "1"]

1. Nf3 Nf6 2. g3 g6 3. Bg2 Bg7 4. 0-0 0-0 5. c4 c5 6. Nc3 d6 7. d4 cxd4 8. Nxd4 Nbd7 9. b3 a6 10. Bb2 Rb8 11. Qd2 Nc5 12. Rad1 Ne6 13. Nc2 Bd7 14. e4 Nc7 15. Ne3 Bc6 16. Rfe1 Qd7 17. f4 Rfd8 18. Ncd5 Bxd5 19. cxd5 Nfe8 20. Bxg7 Nxg7 21. Nc4 f6 22. Bf1 Na8 23. Qd4 Rdc8 24. Rd2 Qc7 25. Bh3 Rf8 26. Ne3 Qa5 27. Rc1 Rfe8 28. Rdc2 Rf8 29. Kh1 Ne8 30. b4 Qb5 31. Nd1 Nec7 32. Nc3 Qe8 33. a4 b5 34. a5 Qd8 35. Ne2 Rb7 36. Rc6 Re8 37. Qd3 Rf8 38. Nd4 Kg7 39. Be6 Kh8 40. Qc3 Qb8 41. Bh3 Qa7 42. Bg2 Kg7 43. h4 h6 44. h5 Rh8 45. hxg6 Kxg6 46. e5 h5 47. exf6 exf6 48. Rxd6 Ne8 49. Qd3+ Kf7 50. Rdc6 h4 51. Ne6 Nd6 52. Nc5 Rd8 53. Re1 Nc7 54. g4 Nce8 55. Qe3 1-0

[Event "SLO-chT1 West"]
[Site "Sentjur"]
[Date "2009.11.07"]
[Round "8"]
[White "Kranjec, Primoz"]
[Black "Mitrovic, Milan1"]
[Result "0-1"]
[WhiteElo "1933"]
[BlackElo "2003"]
[PlyCount "104"]
[EventDate "2009.10.22"]
[EventType "team-tourn"]
[EventRounds "9"]
[EventCountry "SLO"]
[SourceTitle "EXT 2010"]
[Source "ChessBase"]
[SourceDate "2010.11.25"]
[SourceVersion "1"]
[SourceVersionDate "2010.11.25"]
[SourceQuality "1"]

1. e4 c5 2. Nf3 a6 3. d4 cxd4 4. Nxd4 Nf6 5. f3 e5 6. Nb3 d5 7. Bg5 Be6 8. exd5 Qxd5 9. Qxd5 Nxd5 10. Bd2 Bf5 11. Bd3 Bxd3 12. cxd3 Nb4 13. Bxb4 Bxb4+ 14. N1d2 Nc6 15. a3 Bxd2+ 16. Kxd2 0-0-0 17. Rac1 Kb8 18. Rhd1 Rd5 19. Rc3 Rhd8 20. Nc5 h5 21. b4 Nd4 22. Nb3 Nb5 23. Rcc1 Rxd3+ 24. Ke1 Rxd1+ 25. Rxd1 Rxd1+ 26. Kxd1 Nxa3 27. Kd2 Nc4+ 28. Kd3 Nd6 29. Nc5 Kc7 30. g3 Kc6 31. h4 a5 32. Kc3 Kb5 33. Nd3 e4 34. fxe4 Nxe4+ 35. Kd4 Nxg3 36. bxa5 Nf5+ 37. Kd5 Nxh4 38. Nc5 g5 39. Nxb7 g4 40. Nd6+ Kxa5 41. Nxf7 Ng6 42. Ke4 h4 43. Nh6 g3 44. Kf3 Nf4 45. Ng4 g2 46. Kf2 h3 47. Nh2 Nd3+ 48. Kg1 Ne1 49. Kf2 Kb4 50. Kg1 Kc3 51. Kf2 Kd2 52. Kg1 Ke2 0-1

[Event "SLO-chT1 West"]
[Site "Sentjur"]
[Date "2009.11.07"]
[Round "7"]
[White "Vrankic, Zeljko"]
[Black "Kranjec, Primoz"]
[Result "1/2-1/2"]
[WhiteElo "2040"]
[BlackElo "1933"]
[PlyCount "53"]
[EventDate "2009.10.22"]
[EventType "team-tourn"]
[EventRounds "9"]
[EventCountry "SLO"]
[SourceTitle "EXT 2010"]
[Source "ChessBase"]
[SourceDate "2010.11.25"]
[SourceVersion "1"]
[SourceVersionDate "2010.11.25"]
[SourceQuality "1"]

1. e4 c5 2. Nc3 d6 3. f4 g6 4. Nf3 Bg7 5. Bc4 e6 6. 0-0 Ne7 7. d3 0-0 8. Qe1 Nbc6 9. Qh4 Nd4 10. Nxd4 Bxd4+ 11. Kh1 Nc6 12. Qg3 Bg7 13. a3 Nd4 14. Qf2 b6 15. Nd1 d5 16. Ba2 dxe4 17. dxe4 Bb7 18. c3 Nc6 19. Qe2 Ne7 20. Nf2 Qc7 21. Be3 h6 22. Rad1 Rfd8 23. Bc1 Qc6 24. Bb1 Qc8 25. Rfe1 Ba6 26. Qe3 Rxd1 27. Rxd1 1/2-1/2

[Event "SLO-chT1 West"]
[Site "Sentjur"]
[Date "2009.10.24"]
[Round "3"]
[White "Karpuzi, Gjuner"]
[Black "Kranjec, Primoz"]
[Result "1/2-1/2"]
[WhiteElo "1669"]
[BlackElo "1933"]
[PlyCount "88"]
[EventDate "2009.10.22"]
[EventType "team-tourn"]
[EventRounds "9"]
[EventCountry "SLO"]
[SourceTitle "EXT 2010"]
[Source "ChessBase"]
[SourceDate "2010.11.25"]
[SourceVersion "1"]
[SourceVersionDate "2010.11.25"]
[SourceQuality "1"]

1. e4 c5 2. Nf3 d6 3. d4 cxd4 4. Nxd4 Nf6 5. Nc3 a6 6. Bc4 e6 7. Bb3 Be7 8. Be3 0-0 9. Qe2 Qc7 10. g4 b5 11. g5 Nfd7 12. 0-0-0 Nc5 13. Qg4 b4 14. Nce2 Nxb3+ 15. Nxb3 e5 16. Qh5 Be6 17. f4 exf4 18. Nxf4 Nc6 19. Nd5 Bxd5 20. exd5 Ne5 21. Nd4 g6 22. Qe2 Rfe8 23. Bf4 Nc4 24. Qg2 Na5 25. Kb1 Bf8 26. h4 Bg7 27. h5 Qc4 28. hxg6 fxg6 29. Ne6 Ra7 30. Qh2 Bxb2 31. Rd3 Bc3 32. Bc1 Rb7 33. Bb2 Qb5 34. Rh3 Qd7 35. Rh6 Bxb2 36. Kxb2 Nc4+ 37. Kb1 Ne5 38. Qf4 Qf7 39. Qc1 Qf3 40. Nf4 a5 41. R1h3 Qe4 42. Qe3 Qxe3 43. Rxe3 Rf8 44. Rh4 Rbf7 1/2-1/2

[Event "SLO-chT1 West"]
[Site "Sentjur"]
[Date "2009.10.22"]
[Round "1"]
[White "Nerat, Ivan"]
[Black "Kranjec, Primoz"]
[Result "0-1"]
[WhiteElo "2023"]
[BlackElo "1933"]
[PlyCount "85"]
[EventDate "2009.10.22"]
[EventType "team-tourn"]
[EventRounds "9"]
[EventCountry "SLO"]
[SourceTitle "EXT 2010"]
[Source "ChessBase"]
[SourceDate "2010.11.25"]
[SourceVersion "1"]
[SourceVersionDate "2010.11.25"]
[SourceQuality "1"]

1. c4 Nf6 2. Nc3 d5 3. cxd5 Nxd5 4. Nf3 Nxc3 5. bxc3 g6 6. d4 Bg7 7. e3 0-0 8. Qb3 b6 9. Bc4 Ba6 10. Bd5 c6 11. Be4 e6 12. h4 Re8 13. g4 h6 14. Ba3 Qc7 15. 0-0-0 Nd7 16. g5 h5 17. Rd2 Rac8 18. c4 c5 19. d5 exd5 20. Bxd5 Bb7 21. Rhd1 Nf8 22. Bb2 Bxb2+ 23. Qxb2 Bxd5 24. Rxd5 Rcd8 25. Qf6 Rxd5 26. cxd5 Nd7 27. Qc6 Rc8 28. Qxc7 Rxc7 29. e4 Kf8 30. d6 Rb7 31. Rd5 Ke8 32. Nd2 Nb8 33. Nc4 Nc6 34. f4 Kd7 35. f5 Rb8 36. fxg6 fxg6 37. Kd1 Re8 38. e5 b5 39. Na3 a6 40. Rxc5 Rxe5 41. Rc2 Rd5+ 42. Ke1 Rxd6 43. Rf2 0-1

[Event "SLO-ch U18"]
[Site "Postojna"]
[Date "2008.02.28"]
[Round "7"]
[White "Kranjec, Primoz"]
[Black "Nerat, Grega"]
[Result "1-0"]
[WhiteElo "1959"]
[BlackElo "1546"]
[PlyCount "139"]
[EventDate "2008.02.24"]
[EventType "swiss"]
[EventRounds "9"]
[EventCountry "SLO"]
[SourceTitle "EXT 2010"]
[Source "ChessBase"]
[SourceDate "2010.11.25"]
[SourceVersion "1"]
[SourceVersionDate "2010.11.25"]
[SourceQuality "1"]

1. e4 e6 2. d4 d5 3. Nc3 Nf6 4. e5 Nfd7 5. f4 c5 6. Nf3 Nc6 7. Be3 cxd4 8. Bxd4 Nxd4 9. Nxd4 Bc5 10. Qd2 0-0 11. g3 a6 12. a3 Qc7 13. Be2 b5 14. b4 Ba7 15. Bf3 Bb7 16. Nce2 Rfc8 17. c3 Nb6 18. 0-0 Nc4 19. Qa2 a5 20. Kh1 Bxd4 21. Nxd4 Qb6 22. Qe2 axb4 23. axb4 Ra4 24. Ra2 Na3 25. Qb2 Rca8 26. Rfa1 Nc4 27. Qc2 R4a6 28. Be2 g6 29. Rxa6 Rxa6 30. Rxa6 Qxa6 31. Qc1 Qa2 32. Qe1 Na3 33. Bd3 Qb2 34. Kg1 Ba6 35. Ne2 Nc4 36. Qc1 Qxc1+ 37. Nxc1 Nb2 38. Bc2 Kg7 39. Kf2 f6 40. Ke1 fxe5 41. fxe5 Nc4 42. Nd3 Bc8 43. Ke2 Kh6 44. Bb3 Kg5 45. Bxc4 dxc4 46. Ne1 Kf5 47. Nf3 Ke4 48. Ng5+ Kxe5 49. Nxh7 Kf5 50. h4 e5 51. Ng5 Kf6 52. Ke3 Bf5 53. Nf3 Ke6 54. Nd2 Kf6 55. Ne4+ Ke6 56. Nf2 Kf6 57. g4 Bd7 58. Ne4+ Ke7 59. h5 Bxg4 60. hxg6 Bf5 61. g7 Bh7 62. Ng5 Bg8 63. Ke4 Kf6 64. Nf3 Kxg7 65. Kxe5 Bf7 66. Nd4 Be8 67. Kd6 Kf6 68. Kc5 Ke5 69. Nxb5 Bf7 70. Nd6 1-0

[Event "SLO-ch U18"]
[Site "Postojna"]
[Date "2008.02.26"]
[Round "4"]
[White "Kranjec, Primoz"]
[Black "Turek, Lan Timotej"]
[Result "0-1"]
[WhiteElo "1959"]
[BlackElo "1925"]
[PlyCount "106"]
[EventDate "2008.02.24"]
[EventType "swiss"]
[EventRounds "9"]
[EventCountry "SLO"]
[SourceTitle "EXT 2010"]
[Source "ChessBase"]
[SourceDate "2010.11.25"]
[SourceVersion "1"]
[SourceVersionDate "2010.11.25"]
[SourceQuality "1"]

1. e4 e5 2. Nf3 Nc6 3. Bb5 a6 4. Ba4 Nf6 5. 0-0 Be7 6. Re1 b5 7. Bb3 d6 8. h3 0-0 9. d4 exd4 10. Nxd4 Nxd4 11. Qxd4 c5 12. Qd3 c4 13. Bxc4 bxc4 14. Qxc4 Be6 15. Qe2 d5 16. e5 Ne4 17. Be3 Qc7 18. f3 Ng3 19. Qd2 Nf5 20. Bf2 Bc5 21. Bxc5 Qxc5+ 22. Kh2 Qd4 23. Qxd4 Nxd4 24. Na3 Nb5 25. Nxb5 axb5 26. c3 Ra4 27. a3 d4 28. cxd4 Rxd4 29. Re2 Rfd8 30. b4 Bc4 31. Ree1 Ra8 32. Re3 g6 33. Kg3 Be6 34. Rc1 Rad8 35. Ra1 Rd1 36. Re1 Rxe1 37. Rxe1 Rd2 38. Rc1 Ra2 39. Rc3 Bc4 40. Kf4 Rxg2 41. h4 Rb2 42. a4 Rxb4 43. axb5 Bxb5+ 44. Kg3 Ba6 45. Rc6 Bb5 46. Rc8+ Kg7 47. Rc7 Bc4 48. Kf2 Be6 49. Kg3 Rb3 50. Rc5 Rd3 51. h5 Rd5 52. Rxd5 Bxd5 53. Kg4 f6 0-1

[Event "SLO-ch U18"]
[Site "Postojna"]
[Date "2008.02.26"]
[Round "3"]
[White "Krivec, Sandi"]
[Black "Kranjec, Primoz"]
[Result "1/2-1/2"]
[WhiteElo "2033"]
[BlackElo "1959"]
[PlyCount "88"]
[EventDate "2008.02.24"]
[EventType "swiss"]
[EventRounds "9"]
[EventCountry "SLO"]
[SourceTitle "EXT 2010"]
[Source "ChessBase"]
[SourceDate "2010.11.25"]
[SourceVersion "1"]
[SourceVersionDate "2010.11.25"]
[SourceQuality "1"]

1. d4 d5 2. Nf3 Nf6 3. c4 c6 4. Nc3 dxc4 5. a4 Nd5 6. e4 Nxc3 7. bxc3 b5 8. Ne5 e6 9. Qf3 Qf6 10. Qg3 Bd6 11. f4 Bxe5 12. fxe5 Qg6 13. Qxg6 hxg6 14. Be2 Nd7 15. 0-0 0-0 16. Ba3 Re8 17. Rf4 Bb7 18. Rb1 Ba6 19. Rbf1 f6 20. Rg4 Kf7 21. Rf3 Rh8 22. Rfg3 g5 23. Rf3 Rh5 24. Bc1 c5 25. axb5 Bxb5 26. exf6 gxf6 27. e5 Rg8 28. exf6 Nxf6 29. dxc5 Ke7 30. Rd4 g4 31. Rf2 Rf5 32. Rxf5 exf5 33. Bxc4 Bxc4 34. Rxc4 Rc8 35. Bg5 Ke6 36. Bxf6 Kxf6 37. h4 gxh3 38. gxh3 Ke5 39. h4 Kd5 40. Rf4 Ke5 41. Rc4 Kd5 42. Ra4 Rxc5 43. Rxa7 Rxc3 44. Kg2 Ke6 1/2-1/2

[Event "SLO-ch U16"]
[Site "Sentjur"]
[Date "2005.03.03"]
[Round "7"]
[White "Mali, Matic"]
[Black "Kranjec, Primoz"]
[Result "1/2-1/2"]
[WhiteElo "1527"]
[BlackElo "1977"]
[PlyCount "63"]
[EventDate "2005.02.26"]
[EventType "swiss"]
[EventRounds "9"]
[EventCountry "SLO"]
[SourceTitle "CBM 105 Extra"]
[Source "ChessBase"]
[SourceDate "2005.05.01"]
[SourceVersion "1"]
[SourceVersionDate "2005.05.01"]
[SourceQuality "1"]

1. e4 c5 2. Nf3 d6 3. d4 cxd4 4. Nxd4 Nf6 5. Nc3 a6 6. Be3 e5 7. Nb3 Be7 8. Bc4 0-0 9. f3 Nbd7 10. Qd2 Nb6 11. Bd5 Nbxd5 12. Nxd5 Nxd5 13. Qxd5 Qc7 14. Rc1 Be6 15. Qd3 Bc4 16. Qc3 Rac8 17. Nd2 d5 18. exd5 Bxd5 19. Qxc7 Rxc7 20. 0-0 Rfc8 21. c3 Bxa2 22. Bb6 Rc6 23. Bf2 Rd8 24. Ne4 f5 25. Ng3 g6 26. Rfe1 Bf6 27. Nf1 Bb3 28. Bg3 Bg5 29. Rb1 Bf4 30. Bf2 Rcd6 31. g3 Bg5 32. Rxe5 1/2-1/2

[Event "SLO-ch U16"]
[Site "Celje"]
[Date "2004.03.10"]
[Round "7"]
[White "Kranjec, Primoz"]
[Black "Lenic, Luka"]
[Result "0-1"]
[WhiteElo "1569"]
[BlackElo "2374"]
[PlyCount "36"]
[EventDate "2004.02.22"]
[EventType "swiss"]
[EventRounds "9"]
[EventCountry "SLO"]
[SourceTitle "EXT 2008"]
[Source "ChessBase"]
[SourceDate "2007.11.25"]
[SourceVersion "1"]
[SourceVersionDate "2007.11.25"]
[SourceQuality "1"]

1. e4 c5 2. Nf3 Nc6 3. d4 cxd4 4. Nxd4 e5 5. Nb3 Nf6 6. f3 d5 7. Nc3 Bb4 8. Bd2 dxe4 9. Nb5 0-0 10. a3 Bxd2+ 11. Nxd2 a6 12. Nc3 exf3 13. Nxf3 Qb6 14. Na4 Qa5+ 15. c3 e4 16. b4 Qf5 17. Nd2 Ne5 18. Qb3 e3 0-1

[Event "SLO-ch U16"]
[Site "Celje"]
[Date "2004.03.10"]
[Round "4"]
[White "Kranjec, Primoz"]
[Black "Miletic, Dean"]
[Result "0-1"]
[WhiteElo "1569"]
[BlackElo "2071"]
[PlyCount "74"]
[EventDate "2004.02.22"]
[EventType "swiss"]
[EventRounds "9"]
[EventCountry "SLO"]
[SourceTitle "EXT 2008"]
[Source "ChessBase"]
[SourceDate "2007.11.25"]
[SourceVersion "1"]
[SourceVersionDate "2007.11.25"]
[SourceQuality "1"]

1. e4 e5 2. Nf3 Nc6 3. Bb5 a6 4. Ba4 Nf6 5. 0-0 Be7 6. Re1 b5 7. Bb3 0-0 8. c3 d5 9. exd5 Nxd5 10. d4 exd4 11. Nxd4 Nxd4 12. Qxd4 Bb7 13. Qe4 Bc5 14. Bc2 g6 15. Bh6 Re8 16. Qxe8+ Qxe8 17. Rxe8+ Rxe8 18. Kf1 Nf6 19. f3 Nd5 20. Nd2 Be3 21. Re1 Re6 22. Bxe3 Nxe3+ 23. Rxe3 Rxe3 24. Ne4 Bxe4 25. fxe4 f5 26. Kf2 f4 27. Bb1 Kg7 28. Bc2 Kf6 29. Bb1 Ke5 30. Bc2 Rxe4 31. Bxe4 Kxe4 32. Ke2 g5 33. h3 h5 34. b3 g4 35. hxg4 hxg4 36. c4 bxc4 37. bxc4 Kd4 0-1

[Event "SLO-ch U16"]
[Site "Celje"]
[Date "2004.03.10"]
[Round "6"]
[White "Kranjec, Primoz"]
[Black "Zorko, Jure"]
[Result "1/2-1/2"]
[WhiteElo "1569"]
[BlackElo "2310"]
[PlyCount "119"]
[EventDate "2004.02.22"]
[EventType "swiss"]
[EventRounds "9"]
[EventCountry "SLO"]
[SourceTitle "EXT 2008"]
[Source "ChessBase"]
[SourceDate "2007.11.25"]
[SourceVersion "1"]
[SourceVersionDate "2007.11.25"]
[SourceQuality "1"]

1. e4 c5 2. Nf3 Nc6 3. d4 cxd4 4. Nxd4 e5 5. Nb5 d6 6. Be3 Be6 7. Nd2 Nf6 8. Nc4 Nxe4 9. f3 d5 10. fxe4 dxc4 11. Qxd8+ Kxd8 12. 0-0-0+ Kc8 13. Be2 Be7 14. Kb1 Rd8 15. Rxd8+ Kxd8 16. Rd1+ Kc8 17. Nc3 Nd4 18. Bxd4 exd4 19. Nd5 Bxd5 20. exd5 b5 21. Rxd4 Kc7 22. Bf3 Kd6 23. c3 Bf6 24. Re4 Be5 25. h3 f5 26. Re2 a5 27. Kc2 b4 28. Re1 Rb8 29. Be2 Rc8 30. Bf3 g6 31. Re2 Rb8 32. Re1 bxc3 33. bxc3 a4 34. Be2 a3 35. Rb1 Rxb1 36. Kxb1 Kxd5 37. Bf3+ Kd6 38. Kc2 h5 39. Kd2 Bf6 40. Be2 Kd5 41. Bf3+ Kc5 42. Kc2 h4 43. Be2 g5 44. Bf3 Kd6 45. Be2 Kd5 46. Bf3+ Kc5 47. Be2 Be5 48. Bf3 Bg3 49. Be2 Bf2 50. Bf3 Be1 51. Be2 Kd5 52. Bf3+ Ke5 53. Be2 Kd5 54. Bf3+ Kc5 55. Be2 Bg3 56. Bf3 Bd6 57. Be2 Bc7 58. Bf3 Bh2 59. Be2 Bd6 60. Bf3 1/2-1/2